Kontrola kvality zváranej uskladňovacej nádrže pre pohonné hmoty = Quality control of welded storage tank for fuel : Diplomová práca

Gespeichert in:
Bibliographische Detailangaben
1. Verfasser: Marcian, Miroslav, 1979- (Verfasst von)
Weitere Verfasser: Žúbor, Peter, 1974- (xxx)
Format: Manuskript Buch
Sprache:Slowakisch
Veröffentlicht: Trnava : STU v Bratislave MTF UMAT, 2009
Schlagworte:
Tags: Tag hinzufügen
Keine Tags, Fügen Sie das erste Tag hinzu!

MARC

LEADER 00000ntm a22000003a 4500
001 stu180072
005 20150617230047.0
008 090213s2009----xo------------------slo-d
040 |a STU  |b slo 
041 0 |a slo 
044 |a xo 
100 1 |a Marcian, Miroslav,  |d 1979-  |4 aut  |u M980  |T MTF Externí pracovníci  |X 13326  |U M980  |Y M980  |7 A000013326 
245 1 |a Kontrola kvality zváranej uskladňovacej nádrže pre pohonné hmoty = Quality control of welded storage tank for fuel :  |b Diplomová práca 
260 |a Trnava :  |b STU v Bratislave MTF UMAT,  |c 2009 
300 |a 66 s  |c príl (1 CD-ROM) 
500 |a Študijný odbor: 5.2.26 materiály 
500 |a Študijný program: technické materiály 
650 7 |a kvalita zvarov  |2 stusub 
700 1 |a Žúbor, Peter,  |d 1974-  |4 xxx  |u M130  |U MTF Materiálovotechnologická fakulta  |T MTF Katedra materiálového inžinierstva  |X 2762  |U M130  |Y 481  |7 A000002762 
700 1 |a Krivošík, Miloslav,  |d 1979-  |4 csl  |u M3000  |U MTF Materiálovotechnologická fakulta  |T MTF Ústav výrobných technológií  |X 41866  |U M3000  |Y 83  |7 A000041866 
996 |b 284M069658  |c M*DP-7565  |l MMSKP  |s P  |a 0  |w stu180072_0001